Statistics for Bruno Mars Discography (Hard)

Click here to take the quiz!

General Stats

  • This quiz has been taken 13 times
  • The average score is 4 of 5

Answer Stats

YearTypeName% Correct
2016Solo Album24K Magic
100%
2021Collaborative AlbumAn Evening With Silk Sonic
100%
2010Solo AlbumDoo-Wops & Hooligans
88%
2012Solo AlbumUnorthodox Jukebox
88%
2010EPIt's Better If You Don't Understand
38%

Score Distribution

Percentile by Number Answered

Percent of People with Each Score

Your Score History

You have not taken this quiz